Sports Quiz

Random Sports or NCAA Quiz

Colleges by Famous Athletes Quiz Stats

 Plays Quiz Updated Sep 26, 2015

Challenge
Share
Tweet
Score 0/28 Timer 06:00
9 Plays Today
% Correct
University of North Carolina (Michael Jordan, Mia Hamm, Julius Peppers)
99.1%
University of Texas (Kevin Durant, Roger Clemens, Ricky Williams)
90.4%
Louisiana State University (Shaquille O'Neal, Y. A. Tittle, Pete Maravich)
89.3%
Syracuse University (Jim Brown, Carmelo Anthony, Larry Csonka)
87.9%
University of Florida (Emmitt Smith, Abby Wambach, Joakim Noah)
87.8%
University of Kentucky (Anthony Davis, George Blanda, John Wall)
86%
UCLA (Kareem Abdul-Jabbar, Jackie Robinson, Bill Walton)
85.7%
University of Tennessee (Peyton Manning, R. A. Dickey, Justin Gatlin)
85.4%
Georgetown University (Patrick Ewing, Allen Iverson, Alonzo Mourning)
84.5%
University of Michigan (Charles Woodson, Barry Larkin, Chris Webber)
82.7%
Auburn University (Bo Jackson, Frank Thomas, Charles Barkley)
82.6%
University of California, Berkeley (Aaron Rodgers, Jason Kidd, Jeff Kent)
81.9%
Wake Forest University (Tim Duncan, Arnold Palmer, Chris Paul)
79.9%
Stanford University (John Elway, Mike Mussina, Tiger Woods)
78.9%
% Correct
Michigan State University (Magic Johnson, Kirk Gibson, Morten Andersen)
78.9%
U.S. Naval Academy (Roger Staubach, David Robinson, Joe Bellino)
77.7%
Texas Christian University (LaDainian Tomlinson, Matt Carpenter, Andy Dalton)
74.3%
University of Miami (Michael Irvin, Ryan Braun, Warren Sapp)
73.7%
University of Kansas (Wilt Chamberlain, Gale Sayers, Paul Pierce)
70.4%
University of Notre Dame (Joe Montana, Bill Laimbeer, Jerome Bettis)
70.4%
University of Houston (Hakeem Olajuwon, Carl Lewis, Clyde Drexler)
67.2%
University of Pittsburgh (Mike Ditka, Dan Marino, Tony Dorsett)
65.8%
University of Alabama (Bart Starr, Latrell Sprewell, Joe Namath)
60%
Ohio State University (Jesse Owens, Cris Carter, Jack Nicklaus)
59.3%
University of Georgia (Fran Tarkenton, Bubba Watson, Hines Ward)
53.9%
University of Arkansas (John Daly, Cliff Lee, Darren McFadden)
52.6%
Louisiana Tech University (Terry Bradshaw, Karl Malone, David Segui)
48%
University of Oregon (Dan Fouts, Steve Prefontaine, Ahmad Rashad)
42.1%

You're not logged in!

Compare scores with friends on all Sporcle quizzes.
OR
Log In

You Might Also Like...

Show Comments

Extras

Top Quizzes Today


Score Distribution

Your Account Isn't Verified!

In order to create a playlist on Sporcle, you need to verify the email address you used during registration. Go to your Sporcle Settings to finish the process.

Report this User

Report this user for behavior that violates our Community Guidelines.

Details: